|
|
|
|
| LEADER |
00661nam a22002051a 4500 |
| 020 |
|
|
|a 9788120810556
|c 0.00
|
| 040 |
|
|
|a SSUS - Library - Kalady
|
| 082 |
|
|
|a 822.0516
|b NAN/K
|
| 100 |
|
|
|a Nandlal Tulsiram
|
| 245 |
|
|
|a Krishnahari: a play
|h [Text]
|
| 260 |
|
|
|a New Delhi
|b Motilal Banarsidass
|c 1992
|
| 300 |
|
|
|a 101p.
|
| 600 |
|
|
|a Drama English
|
| 600 |
|
|
|a Literature English
|
| 600 |
|
|
|a Literature
|
| 600 |
|
|
|a Religious Drama
|
| 852 |
|
|
|h 822.0516
|i NAN/K
|p 022601
|9 150.00
|t 0
|
| 942 |
|
|
|c BK
|
| 999 |
|
|
|c 24599
|d 24599
|
| 952 |
|
|
|0 0
|1 0
|4 0
|6 822_051600000000000_NAN_K
|7 0
|9 35274
|a SSUS
|b SSUS
|d 2015-01-08
|g 150.00
|o 822.0516 NAN/K
|p 022601
|r 2015-01-08
|v 0.00
|w 2015-01-08
|y BK
|